Educational guidance / (Record no. 1186)
| 000 -LEADER | |
|---|---|
| fixed length control field | 00904nam a22002057a 4500 |
| 003 - CONTROL NUMBER IDENTIFIER | |
| control field | OSt |
| 005 - DATE AND TIME OF LATEST TRANSACTION | |
| control field | 20140116120847.0 |
| 008 - FIXED-LENGTH DATA ELEMENTS--GENERAL INFORMATION | |
| fixed length control field | 130801b xxu||||| |||| 00| 0 eng d |
| 020 ## - INTERNATIONAL STANDARD BOOK NUMBER | |
| International Standard Book Number | 9788189645052 |
| 050 ## - LIBRARY OF CONGRESS CALL NUMBER | |
| Classification number | LB1027.5.D48 2006 |
| 100 ## - MAIN ENTRY--PERSONAL NAME | |
| Personal name | Dev, Kapil . |
| 245 ## - TITLE STATEMENT | |
| Title | Educational guidance / |
| Statement of responsibility, etc | Kapil Dev. |
| 260 ## - PUBLICATION, DISTRIBUTION, ETC. (IMPRINT) | |
| Place of publication, distribution, etc | New Delhi: |
| Name of publisher, distributor, etc | Global Media, |
| Date of publication, distribution, etc | 2006. |
| 300 ## - PHYSICAL DESCRIPTION | |
| Extent | x, 361 p |
| 504 ## - BIBLIOGRAPHY, ETC. NOTE | |
| Bibliography, etc | Includes bibliographical references. |
| 505 ## - FORMATTED CONTENTS NOTE | |
| Formatted contents note | General principles--<br/>Basic issues--<br/>Conceptual methods--<br/>New trends--<br/>Modern methods--<br/>Special professions--<br/>Favourite vocation--<br/>Guiding learners--<br/>Sentimental guidance--<br/>Special guidance--<br/>Perception of moral values--<br/>Role of educational psychology. <br/> |
| 650 ## - SUBJECT ADDED ENTRY--TOPICAL TERM | |
| Topical term or geographic name as entry element | Educational counseling. |
| 856 ## - ELECTRONIC LOCATION AND ACCESS | |
| Materials specified | Click here to view e-book |
| Uniform Resource Identifier | <a href="http://site.ebrary.com/lib/riara/docDetail.action?docID=10415548&p00=guidance+and+counselling">http://site.ebrary.com/lib/riara/docDetail.action?docID=10415548&p00=guidance+and+counselling</a> |
| 942 ## - ADDED ENTRY ELEMENTS (KOHA) | |
| Source of classification or shelving scheme | |
| Koha item type | Electronic Book |
| Withdrawn status | Lost status | Source of classification or shelving scheme | Damaged status | Not for loan | Home library | Current library | Date acquired | Total Checkouts | Full call number | Date last seen | Price effective from | Koha item type |
|---|---|---|---|---|---|---|---|---|---|---|---|---|
| Riara University Library | Riara University Library | 01/08/2013 | LB1027.5.D48 2006 | 01/08/2013 | 01/08/2013 | Electronic Book |
